000 00316nam a22001457a 4500
008 210531b ||||| |||| 00| 0 eng d
020 _a2900205235772
041 _aeng
080 _24th
_a82
082 _a82
100 _a21
101 _aGJL
245 _aThe Curious Writer
_cBruce Ballenger
942 _2udc
_cBK
999 _c57839
_d57839